Timber strength and anatomical characteristics in Hevea clones (Record no. 47956)

MARC details
000 -LEADER
fixed length control field 00437nam a2200157Ia 4500
100 ## - MAIN ENTRY--AUTHOR NAME
Personal name Wycherley P R
245 #0 - TITLE STATEMENT
Title Timber strength and anatomical characteristics in Hevea clones
260 ## - PUBLICATION, DISTRIBUTION, ETC. (IMPRINT)
Name of publisher Singapore Journal of Primary Industries
Year of publication 1976
300 ## - PHYSICAL DESCRIPTION
Number of Pages 24-36
500 ## - GENERAL NOTE
General note HORT CD 1973-1988
700 ## - ADDED ENTRY--PERSONAL NAME
Personal name Balasupramaniam R
700 ## - ADDED ENTRY--PERSONAL NAME
Personal name Chen K T
700 ## - ADDED ENTRY--PERSONAL NAME
Personal name Leong W
942 ## - ADDED ENTRY ELEMENTS (KOHA)
Koha item type Bibliography RLWO
Holdings
Withdrawn status Lost status Damaged status Not for loan Home library Current library Date acquired Serial Enumeration / chronology Koha item type
      Bibliography RRII Library RRII Library 31/12/2021 Volume 4, Issue 1 Bibliography RLWO